000 00971nam a2200265Ia 4500
003 OSt
005 20221005103209.0
006 a|||||r|||| 00| 0
007 ta
008 221004b |||||||| |||| 00| 0 hin d
020 _a9788190232444 (hbk)
_c395
024 _a13699
037 _b5160, 26/03/2014, Friends Publications (India)
_cTextual
040 _aCRL
_cCRL
_bhin
041 _2hin
_ahin
082 _aQ4, 152Q3
100 _aयादव, पुष्पा, संपा.
245 0 _aबुद्ध विचारधारा के विविध आयाम
246 _aBuddha vichāradhārā ke vividh āyāma
260 _aकानपुर
_bसाहित्य निलय भारत
_c2013
300 _a192पृ0
_ccm.
650 _aधर्म
942 _hQ4, 152Q3
_cTEXL
_2cc
999 _c1009617
_d1009617